00707cam a22002057a 4500003000500000005001700005008004100022010001000063011001000073035001000083040000900093100003300102245015100135260004000286300001900326502008500345650002200430650002100452650002800473CHAP20250925090614.0971013s1994 r 00010 d a70247 a71219 a80773 cCHAP10aMartín Hernández, José 0aEstudio de factibilidad para el establecimiento de una planta procesadora de nopal verdura (Opuntia ficus-indica (L.) Miller), en Milpa Alta, D.F. aChapingo, Méx. :bEl autor,c1994 a182 h.b: ilus aTesis (Ing. Agroindustrial) -- UACH. Departamento de Ingeniería Agroindustrial14aNopalxIndustria.14aNopalxMercadeo.14aNopalzMéxico (D.F.).